| 000 | 01137nam a2200265 i 4500 | ||
|---|---|---|---|
| 001 | 13080 | ||
| 003 | ES-MaACL | ||
| 005 | 20250828094148.0 | ||
| 007 | t| | ||
| 008 | 920122s1996 sp |||| | spa j | ||
| 020 | _a84-88861-57-5 | ||
| 080 | _a355.1(460)"18/19" | ||
| 080 | _a355.1(469)"18/19" | ||
| 111 | 2 |
_aJornadas de Estudios Luso-Españoles ( _n6º. _d1994. _cMérida) _9797 |
|
| 245 | 1 | 0 |
_aFuerzas armadas y poder político en el siglo XX de Portugal y España / _cVI Jornadas de Estudios Luso-Españoles ; Hipólito de la Torre Gómez (Ed.) ; Carlos Seco Serrano... [et al.]. |
| 260 |
_aMérida : _bUniversidad Nacional de Educación a Distancia, Centro Regional de Extremadura, _c1996. |
||
| 300 |
_a299 p. ; _c24 cm. |
||
| 650 | 4 |
_aFuerzas Armadas- _zEspaña- _yS.XX. _9168940 |
|
| 650 | 1 | 4 |
_aFuerzas armadas- _zPortugal. _9168918 |
| 700 | 1 |
_aTorre Gómez, Hipólito de la. _9110776 |
|
| 700 | 1 |
_aSeco Serrano, Carlos, _d1923-2020 _9105054 |
|
| 710 | 2 |
_aUniversidad Nacional de Educación a Distancia (España). _bCentro Regional de Extremadura _97412 |
|
| 852 |
_aES-MaACL _jL-20452 |
||
| 999 |
_c13080 _d13080 |
||